[Event "BL 1112 SG Turm Trier - Werder Bremen"]
[Site "Bremen"]
[Date "2012.03.18"]
[Round "13.5"]
[White "Areshchenko, Alexander"]
[Black "Galyas, Miklos"]
[Result "1/2-1/2"]
[WhiteElo "2672"]
[BlackElo "2458"]
[PlyCount "94"]
[EventDate "2011.10.14"]

1. e4 e6 2. d4 d5 3. Nc3 Bb4 4. e5 Ne7 5. a3 Bxc3+ 6. bxc3 b6 7. Qg4 Ng6 8. h4
h5 9. Qf3 Nxh4 10. Qh3 Nf5 11. g4 Ne7 12. Bg5 Qd7 13. a4 Ba6 14. Bxa6 Nxa6 15.
Qd3 Nb8 16. Ne2 Nbc6 17. Ng3 O-O-O 18. Nxh5 g6 19. Ng3 Rxh1+ 20. Nxh1 Rh8 21.
Ng3 Na5 22. Kf1 Kb7 23. Kg2 Nc4 24. Ne2 Nc6 25. Bf6 Ra8 26. Rh1 a5 27. Rh7 Rg8
28. Nf4 Nd8 29. Bg5 Kb8 30. Qd1 Kb7 31. Bxd8 Rxd8 32. Nxg6 Rg8 33. Nf4 Qd8 34.
Kg3 Rh8 35. Qh1 Rxh7 36. Qxh7 Qe8 37. f3 Nb2 38. Nh3 Nxa4 39. Ng5 Nxc3 40. Nxf7
Kb8 41. g5 Ne2+ 42. Kf2 Nxd4 43. g6 Qb5 44. g7 Qe2+ 45. Kg3 Qxf3+ 46. Kh2 Qf2+
47. Kh3 Qf3+ 1/2-1/2

[Event "BL 1112 SG Turm Trier - Werder Bremen"]
[Site "Bremen"]
[Date "2012.03.18"]
[Round "13.6"]
[White "Seger, Ruediger"]
[Black "Roiz, Michael"]
[Result "0-1"]
[WhiteElo "2390"]
[BlackElo "2668"]
[PlyCount "82"]
[EventDate "2011.10.14"]

1. e4 c5 2. c3 e6 3. d4 d5 4. exd5 Qxd5 5. Nf3 Nf6 6. Be3 Be7 7. Bd3 O-O 8. O-O
cxd4 9. cxd4 b6 10. Nc3 Qd8 11. Qe2 Bb7 12. Rad1 Nd5 13. Nxd5 Bxd5 14. a3 Nc6
15. Ne5 Rc8 16. Rfe1 Bd6 17. Bc1 Qh4 18. g3 Qh3 19. Be4 Nxd4 20. Rxd4 Bxe5 21.
Ra4 Bxe4 22. Qxe4 Bb8 23. Qd3 Rc5 24. Rh4 Qf5 25. Qxf5 Rxf5 26. Rc4 Rd8 27. Be3
Rfd5 28. a4 Kf8 29. Kf1 Ke7 30. b4 Be5 31. a5 Bd4 32. axb6 axb6 33. Rc6 R8d6
34. Rc7+ Rd7 35. Rc6 R5d6 36. Rc4 Bxe3 37. Rxe3 Rd4 38. Re4 Rxe4 39. Rxe4 Rd2
40. Rc4 Kd7 41. h4 e5 0-1

[Event "BL 1112 SG Turm Trier - Werder Bremen"]
[Site "Bremen"]
[Date "2012.03.18"]
[Round "13.7"]
[White "Nyback, Tomi"]
[Black "Cioara, Andrei Nestor"]
[Result "1-0"]
[WhiteElo "2627"]
[BlackElo "2436"]
[PlyCount "57"]
[EventDate "2011.10.14"]

1. d4 Nf6 2. c4 e6 3. Nc3 Bb4 4. Nf3 b6 5. Bg5 Bb7 6. Nd2 d5 7. Qa4+ Nc6 8.
cxd5 exd5 9. e3 a6 10. Be2 Be7 11. Bf3 b5 12. Qc2 O-O 13. O-O Na5 14. Ne2 Rc8
15. Rac1 Ba8 16. Bxf6 Bxf6 17. Bg4 Rb8 18. Qxc7 Qxc7 19. Rxc7 Nc4 20. Nxc4 bxc4
21. Rb1 Bb7 22. Bf3 Bd8 23. Rxb7 Rxb7 24. Bxd5 Rb4 25. a3 Rb6 26. Bxc4 Be7 27.
Bd3 Rfb8 28. b4 a5 29. Nc3 1-0

[Event "BL 1112 SG Turm Trier - Werder Bremen"]
[Site "Bremen"]
[Date "2012.03.18"]
[Round "13.8"]
[White "Kolbus, Dietmar"]
[Black "Hammer, Jon Ludwig"]
[Result "0-1"]
[WhiteElo "2325"]
[BlackElo "2601"]
[PlyCount "114"]
[EventDate "2011.10.14"]

1. c4 e5 2. Nc3 Nf6 3. Nf3 Nc6 4. d3 d5 5. cxd5 Nxd5 6. Bd2 Nb6 7. g3 Be7 8.
Bg2 O-O 9. O-O Re8 10. a3 Bf8 11. Rc1 Bg4 12. h3 Bf5 13. g4 Bg6 14. Bg5 f6 15.
Bh4 Qd7 16. Bg3 Rad8 17. Nd2 h5 18. Bxc6 Qxc6 19. Nde4 Qd7 20. f3 c6 21. Kh2
Nd5 22. Qd2 Nc7 23. Rg1 Kh8 24. Bh4 Qf7 25. Bf2 b6 26. b4 Ne6 27. Be3 Bh7 28.
Qa2 Rd7 29. Nd1 Rc8 30. Ndf2 Be7 31. Rc2 Bg8 32. Rgc1 Rdc7 33. Ng3 g6 34. Qb2
Bh7 35. Nfe4 h4 36. Nh1 Qf8 37. Kg1 Qg7 38. Nd2 f5 39. Nb3 Bf6 40. Qb1 Nf4 41.
Bxf4 exf4 42. Nf2 Bg8 43. Kf1 Qf7 44. Rc4 b5 45. R4c3 Bxc3 46. Rxc3 Qg7 47. Rc5
Bxb3 48. Qxb3 Qa1+ 49. Nd1 fxg4 50. hxg4 Kh7 51. Ke1 h3 52. Qc3 Qxc3+ 53. Rxc3
c5 54. bxc5 Rxc5 55. Rxc5 Rxc5 56. Kd2 h2 57. Nf2 a5 0-1

[Event "BL 1112 SG Solingen - SK König Tegel"]
[Site "Dresden"]
[Date "2012.03.18"]
[Round "13.1"]
[White "Rabiega, Robert"]
[Black "Ragger, Markus"]
[Result "1/2-1/2"]
[WhiteElo "2501"]
[BlackElo "2655"]
[PlyCount "40"]
[EventDate "2011.10.14"]

1. e4 c6 2. d4 d5 3. Nd2 dxe4 4. Nxe4 Bf5 5. Ng3 Bg6 6. Nf3 Nd7 7. Bd3 Ngf6 8.
O-O e6 9. Re1 Bd6 10. Nf5 Bxf5 11. Bxf5 O-O 12. Bd3 Qc7 13. c3 c5 14. h3 cxd4
15. Nxd4 a6 16. Qe2 Rad8 17. Bc2 h6 18. Bd2 Bc5 19. Nb3 Ba7 20. Be3 Bb8 1/2-1/2

[Event "BL 1112 SG Solingen - SK König Tegel"]
[Site "Dresden"]
[Date "2012.03.18"]
[Round "13.2"]
[White "Sandipan, Chanda"]
[Black "Stern, Rene"]
[Result "1-0"]
[WhiteElo "2640"]
[BlackElo "2506"]
[PlyCount "137"]
[EventDate "2011.10.14"]

1. c4 e6 2. Nf3 d5 3. g3 Nf6 4. Bg2 Be7 5. d4 O-O 6. O-O dxc4 7. Qa4 a6 8. Qxc4
b5 9. Qc2 Bb7 10. Bd2 Be4 11. Qc1 Qc8 12. Bg5 Nbd7 13. Nbd2 Bb7 14. Nb3 a5 15.
Rd1 Re8 16. Nc5 Bd5 17. Bxf6 Nxf6 18. Ne5 Bxc5 19. Qxc5 Bxg2 20. Kxg2 Nd7 21.
Qxb5 Nxe5 22. dxe5 Rb8 23. Qxa5 Qb7+ 24. Kg1 Qxb2 25. Qxc7 Qxe2 26. a4 Rbc8 27.
Qd6 Rc2 28. Qd4 h5 29. Re1 Qf3 30. Qe3 Qxe3 31. Rxe3 Ra8 32. Rea3 Ra5 33. f4
Kh7 34. R1a2 Rc4 35. Kf2 Kg6 36. Ke3 Kf5 37. Kd3 Rb4 38. Kc3 Re4 39. Kb3 Ra8
40. a5 Rb8+ 41. Kc3 g5 42. fxg5 Kxg5 43. a6 Rxe5 44. Ra5 Rxa5 45. Rxa5+ Kg4 46.
a7 Ra8 47. Kd4 h4 48. gxh4 Kxh4 49. Ra3 f5 50. Ke5 Kg5 51. Ra4 Kg6 52. Kf4 Kf6
53. Ra6 Kf7 54. Ke5 Kg7 55. h3 Kf7 56. h4 Kg7 57. h5 Kh7 58. Kf4 Kg7 59. Kg5
Kh7 60. Ra1 Kg7 61. Ra6 Kh7 62. Kf4 Kg7 63. Ke5 Kh7 64. Kd6 f4 65. Kc7 Kh6 66.
Kb7 Rxa7+ 67. Rxa7 Kxh5 68. Kc6 Kg4 69. Kc5 1-0

[Event "BL 1112 SG Solingen - SK König Tegel"]
[Site "Dresden"]
[Date "2012.03.18"]
[Round "13.3"]
[White "Richter, Michael"]
[Black "Smeets, Jan"]
[Result "0-1"]
[WhiteElo "2484"]
[BlackElo "2619"]
[PlyCount "246"]
[EventDate "2011.10.14"]

1. d4 d5 2. c4 e6 3. Nc3 c6 4. e4 dxe4 5. Nxe4 Bb4+ 6. Bd2 Qxd4 7. Bxb4 Qxe4+
8. Ne2 Na6 9. Bf8 Qg6 10. Ng3 Ne7 11. Bxe7 Kxe7 12. Bd3 f5 13. Qe2 Kf7 14.
O-O-O Re8 15. f4 Qh6 16. Kb1 Qxf4 17. Rhf1 Qh4 18. Ne4 Rd8 19. c5 Kg8 20. Bxa6
Qxe4+ 21. Qxe4 Rxd1+ 22. Rxd1 fxe4 23. Bc4 Kf7 24. Rd8 Ke7 25. Rg8 Kf6 26. Rf8+
Ke5 27. Kc2 b6 28. Re8 Kd4 29. Bxe6 Bb7 30. Re7 Ba6 31. Rd7+ Ke3 32. Rxg7 Kf2
33. Rf7+ Kxg2 34. Kd2 e3+ 35. Kxe3 Re8 36. Rg7+ Kh1 37. Rxa7 Rxe6+ 38. Kf4 Bf1
39. cxb6 c5 40. Rxh7 Rxb6 41. b3 Ra6 42. Rc7 Kxh2 43. Rxc5 Rxa2 44. Rc8 Kg2 45.
Ke3 Rb2 46. Rb8 Rb1 47. Kd2 Kf3 48. Kc2 Ra1 49. Kc3 Ke4 50. Re8+ Kd5 51. Rd8+
Kc6 52. Rc8+ Kd7 53. Rh8 Bg2 54. Rh7+ Kd6 55. Kb4 Bd5 56. Rh3 Ra8 57. Kc3 Kc5
58. Kb2 Rf8 59. Ka3 Kd4 60. Rg3 Rh8 61. Kb4 Be4 62. Ka3 Rh2 63. Kb4 Bd3 64.
Rg4+ Ke3 65. Rg7 Kd2 66. Rc7 Bc2 67. Ka3 Rh3 68. Rb7 Kc1 69. Rb8 Kb1 70. Rb7
Rh8 71. Rb4 Rh3 72. Rb8 Bd1 73. Rb7 Rh8 74. Rb4 Rh2 75. Rd4 Bc2 76. Rg4 Rd2 77.
Rg3 Rd8 78. Rg4 Bd1 79. Rc4 Rd2 80. Rh4 Ra2+ 81. Kb4 Kb2 82. Rh2+ Bc2 83. Kc4
Ra8 84. b4 Rc8+ 85. Kd5 Ka3 86. b5 Bb3+ 87. Kd6 Ba4 88. b6 Rc6+ 89. Ke5 Rxb6
90. Rh3+ Bb3 91. Rg3 Kb4 92. Rg1 Kc5 93. Rc1+ Bc4 94. Ke4 Re6+ 95. Kf5 Re2 96.
Ra1 Kd4 97. Rd1+ Bd3+ 98. Kf6 Re3 99. Ra1 Rf3+ 100. Ke7 Bc4 101. Kd6 Rf6+ 102.
Ke7 Re6+ 103. Kd7 Rh6 104. Ke7 Bd5 105. Re1 Be4 106. Ra1 Ke5 107. Re1 Rh7+ 108.
Kd8 Kd5 109. Re2 Ra7 110. Ke8 Bg6+ 111. Kf8 Kd6 112. Re1 Bf5 113. Re2 Be6 114.
Rd2+ Bd5 115. Rf2 Rc7 116. Rf1 Be6 117. Rf2 Ke5 118. Ke8 Bf5 119. Kd8 Rd7+ 120.
Ke8 Ke6 121. Re2+ Kf6 122. Rf2 Rd1 123. Rf4 Rh1 0-1

[Event "BL 1112 SG Solingen - SK König Tegel"]
[Site "Dresden"]
[Date "2012.03.18"]
[Round "13.4"]
[White "Stellwagen, Daniel"]
[Black "Muse, Mladen"]
[Result "1-0"]
[WhiteElo "2625"]
[BlackElo "2443"]
[PlyCount "69"]
[EventDate "2011.10.14"]

1. e4 g6 2. d4 Bg7 3. Nc3 d6 4. f4 Nf6 5. Nf3 O-O 6. Bd3 Na6 7. e5 dxe5 8. dxe5
Nd5 9. Nxd5 Qxd5 10. Qe2 Be6 11. O-O Nc5 12. Bb5 a6 13. Rd1 Qe4 14. Qxe4 Nxe4
15. Be2 Rfd8 16. Nd4 Bf5 17. Be3 c5 18. Nxf5 gxf5 19. Rd3 f6 20. Rad1 Rdc8 21.
Rd7 fxe5 22. Rxe7 Re8 23. Rxb7 Red8 24. c3 Rxd1+ 25. Bxd1 Bh6 26. g3 exf4 27.
gxf4 Re8 28. Ba4 Rd8 29. Kf1 Rd6 30. Ke2 Rg6 31. Kf3 c4 32. Bd7 Nd6 33. Ra7 Bf8
34. Bc6 Rh6 35. Bd5+ 1-0

[Event "BL 1112 SG Solingen - SK König Tegel"]
[Site "Dresden"]
[Date "2012.03.18"]
[Round "13.5"]
[White "Von Herman, Ulf"]
[Black "Nikolic, Predrag"]
[Result "1/2-1/2"]
[WhiteElo "2419"]
[BlackElo "2636"]
[PlyCount "54"]
[EventDate "2011.10.14"]

1. Nf3 Nf6 2. d4 e6 3. c4 Bb4+ 4. Nbd2 d5 5. Qa4+ Nc6 6. a3 Be7 7. e3 O-O 8.
Bd3 a5 9. b4 dxc4 10. Bxc4 Bd7 11. b5 Na7 12. Ne5 Be8 13. O-O Nd5 14. Qb3 a4
15. Qb2 Nc8 16. Ne4 Nd6 17. Bd3 f6 18. Nxd6 cxd6 19. Nc4 f5 20. Bd2 b6 21. e4
fxe4 22. Bxe4 Ra7 23. Rfe1 Bh4 24. g3 Bf6 25. Bg2 Bf7 26. Rac1 Rc7 27. Ne3 Nxe3
1/2-1/2

[Event "BL 1112 SG Solingen - SK König Tegel"]
[Site "Dresden"]
[Date "2012.03.18"]
[Round "13.6"]
[White "Naumann, Alexander"]
[Black "Muse, Drazen"]
[Result "1/2-1/2"]
[WhiteElo "2546"]
[BlackElo "2388"]
[PlyCount "53"]
[EventDate "2011.10.14"]

1. d4 Nf6 2. c4 c5 3. d5 e5 4. Nc3 d6 5. e4 Be7 6. Bd3 a6 7. Nge2 O-O 8. Ng3
Ne8 9. O-O Bg5 10. Bc2 Bxc1 11. Qxc1 Nd7 12. Ba4 Nb6 13. Bxe8 Rxe8 14. Nd1 Nd7
15. Ne3 b5 16. a4 bxa4 17. Rxa4 Nf6 18. Qc2 Rb8 19. Ra3 Qb6 20. Rb1 g6 21. Nef1
Kg7 22. Nd2 Qc7 23. Rf1 Qe7 24. Nb3 Rb6 25. Na5 Bd7 26. Rfa1 h5 27. h3 1/2-1/2

[Event "BL 1112 SG Solingen - SK König Tegel"]
[Site "Dresden"]
[Date "2012.03.18"]
[Round "13.7"]
[White "Fruebing, Stefan"]
[Black "Hoffmann, Michael"]
[Result "1/2-1/2"]
[WhiteElo "2373"]
[BlackElo "2496"]
[PlyCount "42"]
[EventDate "2011.10.14"]

1. e4 c5 2. Nf3 d6 3. d4 cxd4 4. Nxd4 Nf6 5. Nc3 a6 6. Be2 e5 7. Nb3 Be7 8. Bg5
Be6 9. Bxf6 Bxf6 10. Qd3 Nc6 11. O-O-O Qb6 12. Nd5 Bxd5 13. exd5 Ne7 14. Qf3
O-O 15. h4 a5 16. a4 Qb4 17. Qg4 e4 18. Qd7 Nc8 19. Qb5 Nb6 20. c3 Rfc8 21. Kb1
Qxb5 1/2-1/2

[Event "BL 1112 SG Solingen - SK König Tegel"]
[Site "Dresden"]
[Date "2012.03.18"]
[Round "13.8"]
[White "Andersen, Mads"]
[Black "Kachibadze, Georg"]
[Result "1-0"]
[WhiteElo "2398"]
[BlackElo "2340"]
[PlyCount "61"]
[EventDate "2011.10.14"]

1. d4 Nf6 2. c4 e6 3. g3 Bb4+ 4. Bd2 Qe7 5. Nf3 Nc6 6. Nc3 Bxc3 7. Bxc3 Ne4 8.
Rc1 d6 9. d5 Nxc3 10. Rxc3 Nb8 11. dxe6 fxe6 12. Nd4 O-O 13. Bg2 e5 14. Nc2 a5
15. O-O Na6 16. Qd2 Nc5 17. Ra3 a4 18. b4 Ne6 19. h4 c6 20. Rd1 Nd4 21. Nxd4
exd4 22. Qxd4 Qxe2 23. Rd2 Qe1+ 24. Kh2 Re8 25. Qxd6 Bg4 26. b5 Rad8 27. Qxd8
Rxd8 28. Rxd8+ Kf7 29. Rd4 Qb4 30. Rf4+ Kg8 31. Rd3 1-0

[Event "BL 1112 SC Remagen - USV TU Dresden"]
[Site "Dresden"]
[Date "2012.03.18"]
[Round "13.1"]
[White "Almasi, Zoltan"]
[Black "Fedorchuk, Sergey"]
[Result "1/2-1/2"]
[WhiteElo "2710"]
[BlackElo "2635"]
[PlyCount "107"]
[EventDate "2011.10.14"]

1. e4 c5 2. Nf3 e6 3. d4 cxd4 4. Nxd4 a6 5. Bd3 Bc5 6. Nb3 Be7 7. Qg4 g6 8. Qe2
d6 9. O-O Nd7 10. a4 Ne5 11. a5 Nf6 12. Nc3 Bd7 13. Bh6 Nfg4 14. Bd2 O-O 15. f4
Nxd3 16. cxd3 Nf6 17. e5 Nh5 18. Be3 Bc6 19. Nd4 Rc8 20. Nxc6 Rxc6 21. Bb6 Qc8
22. g4 Ng7 23. Ne4 Rc2 24. Qe3 f5 25. exf6 Bxf6 26. Nxf6+ Rxf6 27. h3 h5 28.
Bd4 Rf7 29. Qe4 Qc6 30. Qxc6 bxc6 31. Rae1 hxg4 32. hxg4 g5 33. Bxg7 Kxg7 34.
Rxe6 Rxf4 35. Rxf4 gxf4 36. Rxd6 Rxb2 37. Rxc6 Rb5 38. Rxa6 Rd5 39. Ra7+ Kg6
40. a6 Rxd3 41. Ra8 Ra3 42. Kf2 Kg7 43. Ke2 Kh7 44. g5 Kg7 45. a7 Kh7 46. g6+
Kg7 47. Kf2 f3 48. Kg3 f2+ 49. Kxf2 Ra2+ 50. Ke3 Ra1 51. Kd4 Ra2 52. Kc5 Ra1
53. Kb4 Ra2 54. Kb5 1/2-1/2

[Event "BL 1112 SC Remagen - USV TU Dresden"]
[Site "Dresden"]
[Date "2012.03.18"]
[Round "13.2"]
[White "Jones, Gawain C B"]
[Black "Socko, Bartosz"]
[Result "1/2-1/2"]
[WhiteElo "2624"]
[BlackElo "2628"]
[PlyCount "69"]
[EventDate "2011.10.14"]

1. e4 c5 2. c3 e6 3. d4 d5 4. exd5 exd5 5. Nf3 Nc6 6. Bb5 Bd6 7. dxc5 Bxc5 8.
O-O Nge7 9. Nbd2 O-O 10. Nb3 Bb6 11. Re1 Bg4 12. Be3 Re8 13. a4 a6 14. Bd3 Ng6
15. Bxb6 Qxb6 16. Rxe8+ Rxe8 17. a5 Qd8 18. h3 Bxf3 19. Qxf3 Nge5 20. Qd1 Nxd3
21. Qxd3 Re7 22. Nd4 Nxd4 23. Qxd4 g6 24. b4 Re4 25. Qd2 Qf6 26. Rd1 Qf5 27. f3
Re5 28. Re1 h5 29. Rxe5 Qxe5 30. Kf2 h4 31. Qe3 Qf5 32. Qd4 Qc2+ 33. Kf1 Qc1+
34. Ke2 Qc2+ 35. Kf1 1/2-1/2

[Event "BL 1112 SC Remagen - USV TU Dresden"]
[Site "Dresden"]
[Date "2012.03.18"]
[Round "13.3"]
[White "Gajewski, Grzegorz"]
[Black "Goloshchapov, Alexander"]
[Result "1-0"]
[WhiteElo "2607"]
[BlackElo "2580"]
[PlyCount "71"]
[EventDate "2011.10.14"]

1. d4 d5 2. c4 e6 3. Nf3 Nf6 4. g3 Bb4+ 5. Bd2 Be7 6. Bg2 O-O 7. O-O c6 8. Qc2
Nbd7 9. Bf4 b6 10. Rd1 Bb7 11. cxd5 cxd5 12. Nc3 a6 13. a4 Rc8 14. Qb3 Nb8 15.
Ne5 Nc6 16. a5 b5 17. Nxc6 Rxc6 18. Bd2 Rc4 19. Be1 Bd6 20. Na2 Qe7 21. Qe3
Rfc8 22. Rdc1 h6 23. Qd2 Ne4 24. Qd1 e5 25. b3 Rxc1 26. Rxc1 Rxc1 27. Nxc1 exd4
28. Qxd4 Bc5 29. Qa1 d4 30. Nd3 Ba7 31. Qc1 f5 32. Qf4 Qf7 33. Qe5 Qxb3 34.
Qe8+ Kh7 35. Qe7 Qd5 36. Nf4 1-0

[Event "BL 1112 SC Remagen - USV TU Dresden"]
[Site "Dresden"]
[Date "2012.03.18"]
[Round "13.4"]
[White "Dgebuadze, Alexandre"]
[Black "Boensch, Uwe"]
[Result "1-0"]
[WhiteElo "2544"]
[BlackElo "2530"]
[PlyCount "113"]
[EventDate "2011.10.14"]

1. e4 c5 2. Nf3 d6 3. d4 cxd4 4. Nxd4 Nf6 5. Nc3 e6 6. Be3 Nc6 7. Bc4 Be7 8.
Qe2 a6 9. O-O-O Qc7 10. Bb3 O-O 11. g4 Nxd4 12. Rxd4 b5 13. g5 Nd7 14. Rg1 Nc5
15. e5 d5 16. Kb1 Nxb3 17. axb3 Qxe5 18. Qd3 g6 19. Rh4 Bb7 20. Bd4 Qf5 21. Qg3
e5 22. Bxe5 Bxg5 23. Qxg5 Qxg5 24. Rxg5 f6 25. Bxf6 Rxf6 26. f4 d4 27. Ne2 Rd8
28. Re5 Bc8 29. Ng3 Rf7 30. f5 Bxf5 31. Nxf5 Rxf5 32. Rxf5 gxf5 33. Kc1 d3 34.
c4 d2+ 35. Kd1 Kg7 36. c5 Kf6 37. Rxh7 f4 38. c6 Ke6 39. c7 Rf8 40. Kxd2 Kd6
41. Ke2 f3+ 42. Kf2 Kc6 43. h4 Kb7 44. h5 Rf4 45. h6 Rh4 46. Kxf3 a5 47. Kg3
Rh1 48. Kg4 a4 49. bxa4 bxa4 50. Kg5 Rg1+ 51. Kf5 Rf1+ 52. Ke6 Re1+ 53. Kd6
Rd1+ 54. Kc5 Rh1 55. Kd6 Rd1+ 56. Ke7 Kxc7 57. Rf7 1-0

[Event "BL 1112 SC Remagen - USV TU Dresden"]
[Site "Dresden"]
[Date "2012.03.18"]
[Round "13.5"]
[White "Maiwald, Jens-Uwe"]
[Black "Bok, Benjamin"]
[Result "1-0"]
[WhiteElo "2459"]
[BlackElo "2488"]
[PlyCount "217"]
[EventDate "2011.10.14"]

1. d4 Nf6 2. Nf3 g6 3. Bg5 Bg7 4. Nbd2 O-O 5. c3 d6 6. e4 Qe8 7. Bc4 e5 8. dxe5
dxe5 9. O-O Nbd7 10. Re1 h6 11. Bh4 Nh5 12. a4 a5 13. Bb5 f6 14. Qb3+ Kh7 15.
Rad1 Qe7 16. h3 b6 17. Qd5 Rb8 18. Nb3 Nf4 19. Qc4 Nc5 20. Nxc5 bxc5 21. Rd2
Be6 22. Qf1 Qf7 23. Bg3 Rb6 24. Bxf4 exf4 25. Qe2 Rfb8 26. Red1 Bb3 27. Ra1 c6
28. Bd3 Re8 29. Qf1 Rbb8 30. Bb1 Rb7 31. Qa6 Qc7 32. Qd3 c4 33. Qf1 c5 34. Rd5
Qc6 35. Nd2 f5 36. Nxb3 Rxb3 37. Qxc4 Rxb2 38. Bd3 fxe4 39. Bxe4 Qe6 40. Re1 f3
41. gxf3 Kh8 42. Kg2 Qf6 43. Rxc5 Qf4 44. Bc2 Qxc4 45. Rxe8+ Qg8 46. Rxg8+ Kxg8
47. Bxg6 Ra2 48. Be8 Rc2 49. Rxa5 Rxc3 50. Rd5 Ra3 51. Kg3 Bc3 52. Bb5 Be1 53.
Rd1 Ba5 54. Rd7 Kf8 55. Rh7 Bd2 56. Kg4 Ra1 57. f4 Rg1+ 58. Kf5 Rg2 59. Rxh6
Rxf2 60. Rh4 Rf3 61. Ke5 Be1 62. Ke4 Rb3 63. Rh5 Rb4+ 64. Kf3 Bd2 65. Rf5+ Kg7
66. Kg4 Rb1 67. Rd5 Rg1+ 68. Kf5 Bb4 69. Rd7+ Kf8 70. Rd4 Ba5 71. Ke6 Re1+ 72.
Kd6 Kf7 73. Bd7 Rc1 74. Bg4 Bc7+ 75. Kd7 Bb6 76. Re4 Rc7+ 77. Kd6 Rc2 78. Bh5+
Kg7 79. Bg4 Bd8 80. Kd7 Rd2+ 81. Kc6 Rc2+ 82. Kb5 Rb2+ 83. Rb4 Rd2 84. Kc6 Rc2+
85. Kb5 Rd2 86. Be6 Re2 87. f5 Re5+ 88. Kc6 Ra5 89. Rd4 Bf6 90. Kb6 Re5 91.
Rd7+ Kh6 92. a5 Bh4 93. Rd5 Re3 94. a6 Bf2 95. Kb7 Rb3+ 96. Ka8 Rxh3 97. Ra5
Rh1 98. f6 Be3 99. f7 Kg7 100. Rf5 Kf8 101. Re5 Bf4 102. Re4 Bd6 103. Bc4 Rc1
104. Re8+ Kg7 105. Rg8+ Kh6 106. f8=Q+ Bxf8 107. Rxf8 Rxc4 108. Rf6+ Kg7 109.
Rb6 1-0

[Event "BL 1112 SC Remagen - USV TU Dresden"]
[Site "Dresden"]
[Date "2012.03.18"]
[Round "13.6"]
[White "Teske, Henrik"]
[Black "Tischbierek, Raj"]
[Result "1/2-1/2"]
[WhiteElo "2547"]
[BlackElo "2454"]
[PlyCount "257"]
[EventDate "2011.10.14"]

1. Nf3 d5 2. c4 c6 3. d4 Nf6 4. Nbd2 e6 5. g3 c5 6. Bg2 Nc6 7. O-O cxd4 8. cxd5
exd5 9. Nb3 Be7 10. Nfxd4 O-O 11. Bf4 Bg4 12. h3 Bh5 13. Rc1 Qd7 14. g4 Bg6 15.
e3 Rac8 16. Nxc6 bxc6 17. Nc5 Bxc5 18. Rxc5 h5 19. g5 Ne4 20. Bxe4 Bxe4 21.
Qxh5 Rfe8 22. Kh2 Qb7 23. Qe2 d4 24. Be5 dxe3 25. Qxe3 Qa6 26. Re1 Bd5 27. Rcc1
Qb6 28. a3 Re6 29. Qxb6 axb6 30. Bd4 b5 31. Rxe6 Bxe6 32. Kg3 Rd8 33. Be3 Bd5
34. Kf4 Re8 35. f3 Kh7 36. h4 f6 37. gxf6 gxf6 38. Bd4 Kg6 39. Rg1+ Kf7 40. h5
Rh8 41. Rh1 Bc4 42. Be3 Rd8 43. h6 Kg6 44. Kg3 Kh7 45. Kf2 Rd7 46. Rg1 Bd5 47.
Rd1 Be6 48. Rc1 Bd5 49. Rc3 Rd8 50. Bf4 Re8 51. Rd3 Re7 52. Bd2 Re8 53. b3 Ra8
54. Bc1 Kg6 55. Ke1 f5 56. b4 f4 57. Bxf4 Rf8 58. Rd4 Bxf3 59. Rd6+ Kf5 60. Bc1
Rf7 61. Bb2 Be4 62. Ke2 Kg5 63. Bd4 Rc7 64. Kd2 Rc8 65. Kc3 Ra8 66. Kb2 Rc8 67.
Bg7 Rc7 68. Re6 Bh7 69. Bd4 Bg6 70. Be3+ Kf5 71. Rd6 Bh7 72. Kc3 Ke5 73. Rd8
Ke6 74. Rh8 Rd7 75. Bd4 Bg6 76. Rc8 Kd5 77. Rg8 Bh7 78. Rg5+ Kd6 79. Kd2 Rf7
80. Ke3 Re7+ 81. Kf3 Rf7+ 82. Kg4 Ke6 83. Rc5 Kd6 84. Be5+ Kd7 85. Rc1 Ke6 86.
Bf4 Be4 87. Re1 Kd5 88. Bg3 Bh7 89. Re5+ Kc4 90. Rc5+ Kb3 91. Rxc6 Kxa3 92. Be1
Re7 93. Bc3 Kb3 94. Kg5 Re3 95. Bd4 Rg3+ 96. Kf4 Rh3 97. Bc5 Rh1 98. Kg5 Bb1
99. Rd6 Rh3 100. Rd4 Rf3 101. Rf4 Rg3+ 102. Kh4 Rg6 103. Bf8 Rg1 104. Rg4 Rh1+
105. Kg5 Rd1 106. Kf6 Rd7 107. Be7 Rc7 108. Rg5 Ka4 109. Rd5 Rc6+ 110. Bd6 Rc1
111. Bc5 Rc3 112. Rh5 Rf3+ 113. Kg7 Rg3+ 114. Kh8 Rg4 115. h7 Bxh7 116. Kxh7
Rxb4 117. Bxb4 Kxb4 118. Kg6 Kc4 119. Rh4+ Kc3 120. Rh3+ Kc4 121. Kf5 b4 122.
Ke4 b3 123. Rh8 b2 124. Rb8 Kc3 125. Ke3 Kc2 126. Rc8+ Kd1 127. Rb8 Kc2 128.
Rc8+ Kd1 129. Rb8 1/2-1/2

[Event "BL 1112 SC Remagen - USV TU Dresden"]
[Site "Dresden"]
[Date "2012.03.18"]
[Round "13.7"]
[White "Loxine, Jakow"]
[Black "Popovic, Petar"]
[Result "1/2-1/2"]
[WhiteElo "2399"]
[BlackElo "2485"]
[PlyCount "37"]
[EventDate "2011.10.14"]

1. Nf3 Nf6 2. c4 g6 3. Nc3 d5 4. cxd5 Nxd5 5. h4 h6 6. e4 Nxc3 7. dxc3 Qxd1+ 8.
Kxd1 Nd7 9. Bf4 c6 10. Bc4 Nc5 11. Nd2 a5 12. a4 f6 13. Kc2 e5 14. Be3 Bd6 15.
f3 Ke7 16. h5 g5 17. g4 Bd7 18. Nb3 Nxb3 19. Bxb3 1/2-1/2

[Event "BL 1112 SC Remagen - USV TU Dresden"]
[Site "Dresden"]
[Date "2012.03.18"]
[Round "13.8"]
[White "Kipper, Jens"]
[Black "Hoffmann, Paul"]
[Result "0-1"]
[WhiteElo "2382"]
[BlackElo "2317"]
[PlyCount "70"]
[EventDate "2011.10.14"]

1. Nf3 e6 2. c4 Nf6 3. Nc3 Bb4 4. g4 h6 5. Rg1 Nc6 6. h4 d5 7. g5 hxg5 8. hxg5
Ne4 9. Qc2 Bxc3 10. bxc3 Nd6 11. d3 dxc4 12. d4 b5 13. e4 Bb7 14. e5 Na5 15.
Nd2 Nf5 16. Rb1 Bc6 17. Be2 Nh4 18. Ne4 Qd5 19. f3 Ng6 20. Qd2 O-O-O 21. Qb2
Nb7 22. a4 a6 23. Ra1 bxa4 24. Qb4 Bb5 25. Be3 c5 26. Qa3 cxd4 27. cxd4 Rh2 28.
Nc3 Qc6 29. Nxa4 Nh4 30. Bf2 Ng2+ 31. Kf1 Nf4 32. Qe3 Nd5 33. Qa3 c3 34. Bxb5
Qxb5+ 35. Ke1 Nf4 0-1

[Event "BL 1112 SV Wattenscheid - SV Hockenheim"]
[Site "Eppingen"]
[Date "2012.03.18"]
[Round "13.1"]
[White "Buhmann, Rainer"]
[Black "Bartel, Mateusz"]
[Result "1/2-1/2"]
[WhiteElo "2606"]
[BlackElo "2627"]
[PlyCount "104"]
[EventDate "2011.10.14"]

1. Nf3 Nf6 2. c4 Nc6 3. d4 e6 4. a3 d6 5. Nc3 g6 6. e4 Bg7 7. Be2 O-O 8. O-O
Re8 9. Be3 h6 10. Rb1 Ng4 11. Bc1 e5 12. d5 Nd4 13. Nxd4 exd4 14. Bxg4 dxc3 15.
Bxc8 Qxc8 16. Qd3 f5 17. f3 fxe4 18. fxe4 Qg4 19. Rf4 Qh5 20. Rf3 Qe5 21. bxc3
Qxe4 22. Qxe4 Rxe4 23. Rxb7 Rxc4 24. Rb4 Rxc3 25. Rxc3 Bxc3 26. Rc4 Ba5 27.
Bxh6 Rb8 28. Rg4 Rb1+ 29. Kf2 Bb6+ 30. Kf3 Kh7 31. Rh4 Rb3+ 32. Ke4 Bf2 33. g3
Bb6 34. Bg5+ Kg7 35. Bh6+ Kg8 36. Rg4 Kh7 37. Rh4 a5 38. Bc1+ Kg7 39. Rf4 Bc5
40. Rf3 Rb8 41. Bd2 a4 42. Bc3+ Kg8 43. Rf6 Rb3 44. Rxg6+ Kh7 45. Rg7+ Kh6 46.
Bf6 Re3+ 47. Kf4 Re2 48. Kg4 Rf2 49. Bc3 Rc2 50. Bf6 Rf2 51. Bc3 Rc2 52. Bf6
Rf2 1/2-1/2

[Event "BL 1112 SV Wattenscheid - SV Hockenheim"]
[Site "Eppingen"]
[Date "2012.03.18"]
[Round "13.2"]
[White "Bogner, Sebastian"]
[Black "Baramidze, David"]
[Result "1/2-1/2"]
[WhiteElo "2534"]
[BlackElo "2591"]
[PlyCount "104"]
[EventDate "2011.10.14"]

1. d4 d5 2. c4 c6 3. Nc3 Nf6 4. e3 e6 5. Nf3 Nbd7 6. Qc2 Bd6 7. b3 O-O 8. Be2
b6 9. O-O Bb7 10. Bb2 Qe7 11. Rfd1 Rac8 12. Rac1 h6 13. Bf1 Rfd8 14. g3 c5 15.
cxd5 exd5 16. Bg2 Bb8 17. Nh4 Qe6 18. dxc5 bxc5 19. Qf5 g5 20. Qxe6 fxe6 21.
Nf3 Kf7 22. Ne1 c4 23. bxc4 Rxc4 24. Bf1 Rcc8 25. Nb5 Ne4 26. f3 Nd6 27. Nxd6+
Bxd6 28. Nd3 Ke7 29. Bd4 e5 30. Bb2 e4 31. fxe4 dxe4 32. Nf2 Rxc1 33. Rxc1 Bc5
34. Rc3 Bb6 35. Bg2 Ne5 36. Bxe4 Bxe4 37. Nxe4 Ke6 38. Ba3 Rd1+ 39. Kg2 Kf5 40.
Nd6+ Ke6 41. Nc4 Nxc4 42. Rxc4 Rd2+ 43. Kf3 Rxa2 44. Rc3 Rxh2 45. Bc5 Rd2 46.
Ke4 Rd7 47. Bxb6 axb6 48. Rc6+ Rd6 49. Rc7 Kf6 50. g4 Re6+ 51. Kd4 Rd6+ 52. Ke4
Re6+ 1/2-1/2

[Event "BL 1112 SV Wattenscheid - SV Hockenheim"]
[Site "Eppingen"]
[Date "2012.03.18"]
[Round "13.3"]
[White "Saric, Ivan"]
[Black "Czarnota, Pawel"]
[Result "1-0"]
[WhiteElo "2643"]
[BlackElo "2554"]
[PlyCount "47"]
[EventDate "2011.10.14"]

1. e4 c5 2. Nf3 d6 3. d4 cxd4 4. Nxd4 Nf6 5. Nc3 Nc6 6. Bg5 Bd7 7. Qd2 Rc8 8.
f4 Nxd4 9. Qxd4 Qa5 10. e5 dxe5 11. fxe5 e6 12. O-O-O Bc6 13. Nb5 Bxb5 14. exf6
Bc6 15. h4 g6 16. Bc4 Bc5 17. Qg4 h5 18. Qg3 Be4 19. Rhe1 Bf5 20. Rd5 Qb4 21.
Bb3 Bg4 22. Bd2 Qb5 23. Qf4 Qc6 24. Ree5 1-0